| 000 | 00366nam a22001577a 4500 | ||
|---|---|---|---|
| 005 | 20250509061156.0 | ||
| 008 | 250509b |||||||| |||| 00| 0 eng d | ||
| 020 | _a9789559824169 | ||
| 082 |
_222 _a891 _bPOO |
||
| 100 | _aHaq, Abdul Lareena | ||
| 245 | _aPorul Veli | ||
| 260 |
_bAuthor _c2012 |
||
| 300 | _aXX, 196 p ., | ||
| 500 | _aResearch Articles | ||
| 942 | _cL | ||
| 999 |
_c6037 _d6037 |
||